| 000 | 00996cam a22002653a 4500 | ||
|---|---|---|---|
| 001 | 20247 | ||
| 003 | PGUSA | ||
| 005 | 20140828083428.0 | ||
| 008 | 070102s2007||||xxu|||||s|||||000 1 eng d | ||
| 040 |
_aPGUSA _beng |
||
| 042 | _adc | ||
| 050 | 4 | _aPS | |
| 100 | 1 |
_aGarland, Hamlin, _d1860-1940 |
|
| 245 | 1 | 0 |
_aWayside Courtships _h[electronic resource] / _cHamlin Garland |
| 260 |
_bProject Gutenberg, _c2007 |
||
| 505 | 0 | _aAt the beginning -- A preacher's love story -- A meeting in the foothills -- A stop-over at Tyre -- An alien in the pines -- The owner of the mill farm -- Of those who seek -- Before the low green door -- Upon impulse -- The end of love is love of love. | |
| 506 | _aPublic domain in the USA. | ||
| 516 | _aElectronic text | ||
| 653 | _aLove stories, American | ||
| 653 | _aWest (U.S.) -- Social life and customs -- Fiction | ||
| 653 | _aWestern stories | ||
| 830 | 0 |
_aProject Gutenberg _v20247 |
|
| 856 | 4 | 0 | _uhttp://www.gutenberg.org/ebooks/20247 |
| 942 | _cEB | ||
| 999 |
_c249502 _d249502 |
||